000 00402pab a2200157 454500
008 180718b2002 xxu||||| |||| 00| 0 eng d
100 _aUrs, Shrijay Devaraj
245 _aAgricultural marketing: status, future policies and strategies
260 _c2002
300 _ap.48-55.
362 _aOct
650 _aMarketing
650 _aAgricultural markets
773 _aKurukshetra
909 _a53964
999 _c53964
_d53964